Central Library OPAC University of Rajshahi

Environmental effects on crop physiology : (Record no. 14050)

MARC details
000 -LEADER
fixed length control field 01167cam a2200313 i 4500
001 - CONTROL NUMBER
control field 14050
003 - CONTROL NUMBER IDENTIFIER
rucl marc code BD-RjUL
005 - DATE AND TIME OF LATEST TRANSACTION
control field 20211208235550.0
008 - FIXED-LENGTH DATA ELEMENTS--GENERAL INFORMATION
fixed length control field 140203s19811977enka b 101 0 eng
020 ## - INTERNATIONAL STANDARD BOOK NUMBER
International Standard Book Number 012435050X
035 ## - SYSTEM CONTROL NUMBER
System control number (BD-RjUL)14102
040 ## - CATALOGING SOURCE
Original cataloging agency DLC
Transcribing agency DLC
Modifying agency BD-RjUL
Language of cataloging eng
041 ## - LANGUAGE CODE
Language code of text/sound track or separate title eng
082 00 - DEWEY DECIMAL CLASSIFICATION NUMBER
Classification number 630.2516
Author mark and year LOE 1981
111 2# - MAIN ENTRY--MEETING NAME
Meeting name or jurisdiction name as entry element Long Ashton Symposium
Number of part/section/meeting (5th :
Date of meeting 1975)
9 (RLIN) 43921
245 10 - TITLE STATEMENT
Title Environmental effects on crop physiology :
Remainder of title proceedings of a symposium held at Long Ashton Research Station, University of Bristol, 13-16 April 1975 /
Statement of responsibility, etc. edited by J. J. Landsberg and C. V. Cutting.
260 ## - PUBLICATION, DISTRIBUTION, ETC. (IMPRINT)
Place of publication, distribution, etc. London ;
-- New York :
Name of publisher, distributor, etc. Academic Press,
Date of publication, distribution, etc. c1977 [Printing 1981].
300 ## - PHYSICAL DESCRIPTION
Pagination xvi, 388 p. :
Illustrations ill. ;
Size 24 cm.
500 ## - GENERAL NOTE
General note At head of title: Fifth Long Ashton Symposium 1975.
504 ## - BIBLIOGRAPHY, ETC. NOTE
Bibliography, etc Includes bibliographies and indexes.
650 #0 - SUBJECT ADDED ENTRY--TOPICAL TERM
Topical term or geographic name as entry element Crops and climate
General subdivision Congresses.
9 (RLIN) 43913
Topical term or geographic name as entry element Crops
General subdivision Physiology
-- Congresses.
9 (RLIN) 43914
Topical term or geographic name as entry element Crops
General subdivision Ecology
-- Congresses.
9 (RLIN) 43915
700 1# - ADDED ENTRY--PERSONAL NAME
Personal name Landsberg, J. J.
Personal name Cutting, C. V.
942 ## - ADDED ENTRY ELEMENTS (KOHA)
Source of classification or shelving scheme Dewey Decimal Classification
Koha item type Books
Holdings
Lost status Source of classification or shelving scheme Damaged status Not for loan Collection code Permanent Location Current Location Shelving location Date acquired Source of acquisition Cost, normal purchase price Total Checkouts Full call number Date last seen Copy number Koha item type
  Dewey Decimal Classification   Not For Loan Non-fiction Central Library, University of Rajshahi Central Library, University of Rajshahi Reading Room 30/03/1986 Karim Int. 33.00   630.2516 LOE 1981 03/02/2014 C-1 Books